| 000 | 01309cam a22003015a 4500 | ||
|---|---|---|---|
| 001 | 18206693 | ||
| 005 | 20180507123946.0 | ||
| 008 | 140630t2003 enka frb 001 0 eng d | ||
| 020 | _a0852964196 | ||
| 020 | _a9780852964194 | ||
| 040 |
_aUKM _beng _cUKM _dTXA _dIBS _dBAKER _dYDXCP _dHEBIS _dBDX _dOCLCF _dOCLCO _dDLC _dEG-ScBUE |
||
| 082 | 0 | 4 |
_a621.3120113 _222 _bTHE |
| 245 | 0 | 0 |
_aThermal power plant simulation and control / _cedited by Damian Flynn. |
| 260 |
_aLondon : _bInstitution of Electrical Engineers, _cc.2003. |
||
| 300 |
_axix, 426 p. : _bill. ; _c25 cm. |
||
| 490 | 0 |
_aIEE power and energy series ; _v43 |
|
| 504 | _aIncludes bibliographical references and index. | ||
| 650 | 7 |
_aElectric power-plants _xManagement. _2BUEsh |
|
| 650 | 7 |
_aElectric power systems _xControl. _2BUEsh |
|
| 650 | 7 |
_aElectric power systems _xComputer simulation. _2BUEsh |
|
| 651 | _2BUEsh | ||
| 653 |
_bENGELC _cMay2018 |
||
| 700 | 1 |
_aFlynn, Damian, _eeditor. |
|
| 710 | 2 | _aInstitution of Electrical Engineers. | |
| 776 | 0 | 8 |
_iOnline version: _tThermal power plant simulation and control. _dLondon : Institution of Electrical Engineers, c2003 _w(OCoLC)606985480 |
| 776 | 0 | 8 |
_iOnline version: _tThermal power plant simulation and control. _dLondon : Institution of Electrical Engineers, c2003 _w(OCoLC)609338068 |
| 942 | _2ddc | ||
| 999 |
_c26646 _d26618 |
||